El Diario de Mike. (Registro nro. 437145)

Detalles MARC
000 -LÍDER
Campo fijo de descripción fija 00906nam a22002897a 4500
003 - IDENTIFICADOR DEL NÚMERO DE CONTROL
Campo de control BCEG
005 - FECHA Y HORA DE LA ULTIMA TRANSACCIÓN
control field 20260326160734.0
008 - ELEMENTOS DE LONGITUD FIJA -- INFORMACIÓN GENERAL
Campo fijo de descripción fija -- Información general 260326s2023 mx a||||||||||00| 0 spa d
020 ## - ISBN
Isbn 9786073907415
040 ## - FUENTE DE CATALOGACIÓN
Agencia de catalogación original BCEG
Idioma de catalogación spa
Agencia que realiza la transcripción BCEG
082 04 - NÚMERO DE CLASIFICACIÓN DECIMAL DEWEY
Número de clasificación I863.7
Clave de autor-Numero de item B517d
100 1# - ASIENTO PRINCIPAL--NOMBRE PERSONAL
Nombre del autor personal Bernal Montes, Miguel‏ (Mikecrack),
Fechas asociadas con el nombre 1993-.
245 13 - TÍTULO PROPIAMENTE DICHO
Título El Diario de Mike.
246 ## - FORMA VARIANTE DEL TITULO
Título propiamente dicho/forma breve del título ¿Dónde está mi chocolate?
246 ## - FORMA VARIANTE DEL TITULO
Título propiamente dicho/forma breve del título TeamCompas.
260 ## - PUBLICACIÓN, DISTRIBUCIÓN, ETC. (PIE DE IMPRENTA)
Lugar de publicación, distribución, etc. Ciudad de México :
Nombre del editor, distribuidor, etc. Planeta Mexicana : Martínez Roca,
Fecha de publicación, distribución, etc. 2023.
300 ## - DESCRIPCIÓN FÍSICA
Extensión 237 p. :
Otros detalles físicos il.
490 ## - MENCIÓN DE SERIE
Mención de serie El Diario de Mike. 4You2.
500 ## - NOTA GENERAL
Nota General La biblioteca solo cuenta con el v. 1
505 ## - NOTA DE CONTENIDO
Información miscelánea v. 1.
Título ¿Dónde está mi chocolate?
535 ## - NOTA DE UBICACIÓN DE ORIGINALES
Custodio Disponible en la colección infantil de 10-12 años.
541 ## - NOTA DE FUENTE INMEDIATA DE ADQUISICIÓN
Nota de fuente de adquisición Compra.
650 14 - ASIENTO SECUNDARIO DE MATERIA - TERMINO TEMÁTICO
Término temático o nombre geográfico como elemento de entrada Novela juvenil española.
700 1# - ASIENTO SECUNDARIO - NOMBRE PERSONAL
Nombre personal Jerez, Javier,
Función o responsabilidad del autor il.
700 1# - ASIENTO SECUNDARIO - NOMBRE PERSONAL
Nombre personal Castillo, Catalina,
Función o responsabilidad del autor il.
942 ## - TIPO DE MATERIAL (KOHA)
Tipo de Item KOHA Libro
Existencias
No para Préstamo Colección Biblioteca de Origen Biblioteca Permanente Fecha de Adquisición Fuente de Adquisicion Total de Préstamos Signatura Topográfica Código de Barras Última vez visto Ejemplar Tipo de Material
  Infantil Biblioteca Central Estatal de Guanajuato, "Wigberto Jiménez Moreno" Biblioteca Central Estatal de Guanajuato, "Wigberto Jiménez Moreno" 26/03/2026 COMPRA-2025   I863.7 B517d BCEG8655231085 26/03/2026 v. 1 ej. 3 Libro
  Infantil Biblioteca Central Estatal de Guanajuato, "Wigberto Jiménez Moreno" Biblioteca Central Estatal de Guanajuato, "Wigberto Jiménez Moreno" 11/04/2026 COMPRA-2025   I863.7 B517d BCEG8655231084 11/04/2026 v. 1 ej. 2 Libro
  Infantil Biblioteca Central Estatal de Guanajuato, "Wigberto Jiménez Moreno" Biblioteca Central Estatal de Guanajuato, "Wigberto Jiménez Moreno" 11/04/2026 COMPRA-2025   I863.7 B517d BCEG8655231083 11/04/2026 v. 1 Libro